Logbook for Special Edication doctoral program.

Bibliographic Details
Main Author: Vrubel, Martin.
Other Authors: Pančocha, Karel., Vojtová, Věra., Vítková, Marie.
Format: eBook
Language:English
Published: Brno : Masaryk University, 2021.
Edition:1st ed.
Subjects:
Online Access:Click to View
LEADER 02112nam a22003853i 4500
001 EBC6913611
003 MiAaPQ
005 20231204023221.0
006 m o d |
007 cr cnu||||||||
008 231204s2021 xx o ||||0 eng d
020 |a 9788021098404  |q (electronic bk.) 
035 |a (MiAaPQ)EBC6913611 
035 |a (Au-PeEL)EBL6913611 
035 |a (OCoLC)1305844440 
040 |a MiAaPQ  |b eng  |e rda  |e pn  |c MiAaPQ  |d MiAaPQ 
100 1 |a Vrubel, Martin. 
245 1 0 |a Logbook for Special Edication doctoral program. 
250 |a 1st ed. 
264 1 |a Brno :  |b Masaryk University,  |c 2021. 
264 4 |c ©2021. 
300 |a 1 online resource (27 pages) 
336 |a text  |b txt  |2 rdacontent 
337 |a computer  |b c  |2 rdamedia 
338 |a online resource  |b cr  |2 rdacarrier 
505 0 |a Intro -- Table of Contents -- 1. Introduction -- 2. Logbook of academic activitiesin the doctoral study program Special Education -- 3. Personal goals of students -- 4. Student evaluation criteria -- 5. Mentoring role of the supervisor -- 6. Course of study-confirmation of completion of courses -- 7. Methodological preparation -- 8. Preparation of the dissertation -- 9. evelopment of teaching and presentation skills -- 10. Participation in conferences -- 11. Publishing -- 12. Internships / stays abroad -- 13. Participation in research and development projects -- 14. Other academic internships/stays -- 15. Summary -- 16. Notes. 
588 |a Description based on publisher supplied metadata and other sources. 
590 |a Electronic reproduction. Ann Arbor, Michigan : ProQuest Ebook Central, 2023. Available via World Wide Web. Access may be limited to ProQuest Ebook Central affiliated libraries.  
655 4 |a Electronic books. 
700 1 |a Pančocha, Karel. 
700 1 |a Vojtová, Věra. 
700 1 |a Vítková, Marie. 
776 0 8 |i Print version:  |a Vrubel, Martin  |t Logbook for Special Edication doctoral program  |d Brno : Masaryk University,c2021 
797 2 |a ProQuest (Firm) 
856 4 0 |u https://ebookcentral.proquest.com/lib/matrademy/detail.action?docID=6913611  |z Click to View